[Event "2nd Cambridge Int Open"]
[Site "Cambridge ENG"]
[Date "2024.02.21"]
[Round "5.12"]
[White "Hagesather, Nina"]
[Black "Dishman, Stephen"]
[Result "0-1"]
[WhiteTitle "WFM"]
[BlackTitle "FM"]
[WhiteElo "1973"]
[BlackElo "2273"]
[WhiteFideId "1501542"]
[BlackFideId "403024"]
[EventDate "2024.02.19"]

1. e4 c6 2. d4 d5 3. Nc3 dxe4 4. Nxe4 Bf5 5. Ng3 Bg6 6. Nf3 Nd7 7. h4 h6 8. h5
Bh7 9. Bd3 Bxd3 10. Qxd3 e6 11. Bd2 Ngf6 12. Ne4 Be7 13. Nxf6+ Nxf6 14. O-O-O c5
15. Qb5+ Qd7 16. Qxd7+ Nxd7 17. Be3 cxd4 18. Nxd4 a6 19. g4 Nf6 20. f3 Nd5 21.
Bd2 Rc8 22. Ne2 O-O 23. Nc3 Nb6 24. Ne4 Nc4 25. Bc3 f5 26. gxf5 exf5 27. Rd7 Rf7
28. Nd2 Bg5 29. Rd4 Be3 30. Rd3 Rfc7 31. Re1 f4 32. Kb1 Na3+ 33. bxa3 Rxc3 34.
Rxc3 Rxc3 35. Ne4 Rxa3 36. Rd1 Ra5 37. Rd8+ Kh7 38. Rd7 Rb5+ 39. Ka1 Kg8 40. c4
Rxh5 41. Rxb7 Re5 42. Kb2 h5 43. Kc3 h4 44. Rb2 h3 45. Rh2 Rh5 46. Kb4 a5+ 47.
Ka4 Bg1 48. Rh1 h2 49. c5 Kf8 50. Kxa5 Ke7 51. Kb6 g5 52. Kb7 g4 53. fxg4 Re5
54. Nd2 Rxc5 55. Nf3 Rc2 56. Nxg1 hxg1=Q 57. Rxg1 Rxa2 58. Kc6 Kf6 59. g5+ Kg6
60. Kd5 Re2 61. Kd4 f3 62. Kd3 Kf5 63. g6 Rg2 64. Rf1 Kf4 65. Ra1 Rxg6 66. Ra8
Rd6+ 67. Kc2 Kg3 68. Rg8+ Kh2 69. Rf8 Kg2 70. Rg8+ Kf1 71. Rf8 f2 72. Rf7 Rd5
73. Kc1 Ke2 74. Re7+ Kf3 75. Rf7+ Ke3 76. Kc2 Rd4 77. Rf5 0-1

[Event "2nd Cambridge Int Open"]
[Site "Cambridge ENG"]
[Date "2024.02.21"]
[Round "5.13"]
[White "Gasanov, Eldar"]
[Black "Hanache, Kai"]
[Result "1-0"]
[WhiteTitle "GM"]
[WhiteElo "2494"]
[BlackElo "1926"]
[WhiteFideId "14104466"]
[BlackFideId "490105"]
[EventDate "2024.02.19"]

1. d4 Nf6 2. c4 g6 3. Nc3 d5 4. Nf3 Bg7 5. Qb3 c6 6. cxd5 cxd5 7. Bg5 e6 8. e3
O-O 9. Bd3 Nc6 10. O-O a6 11. Rfc1 h6 12. Bh4 b5 13. Ne5 Ne7 14. a4 bxa4 15.
Nxa4 g5 16. Bg3 Nh5 17. Nb6 Rb8 18. Nc6 Rxb6 19. Nxe7+ Kh8 20. Qa3 Nxg3 21. Rxc8
Qd6 22. Qxd6 Rxd6 23. hxg3 1-0

[Event "2nd Cambridge Int Open"]
[Site "Cambridge ENG"]
[Date "2024.02.21"]
[Round "5.20"]
[White "Ismail, Mohammed Aayan"]
[Black "Ghasi, Ameet K"]
[Result "0-1"]
[BlackTitle "IM"]
[WhiteElo "2111"]
[BlackElo "2509"]
[WhiteFideId "465135"]
[BlackFideId "409200"]
[EventDate "2024.02.19"]

1. Nf3 g6 2. g3 Bg7 3. Bg2 d6 4. d4 Nf6 5. O-O O-O 6. Re1 Nbd7 7. e4 e5 8. Nc3
b6 9. a4 a6 10. Be3 Bb7 11. dxe5 dxe5 12. Nd2 Re8 13. Nb3 c6 14. a5 b5 15. Qd2
Qc7 16. Nc5 Bf8 17. Nxb7 Qxb7 18. Red1 Nc5 19. f3 Ne6 20. Qf2 Rad8 21. Bh3 Nd4
22. f4 b4 23. fxe5 bxc3 24. exf6 cxb2 25. Rab1 c5 26. Bg2 Qb4 27. Bxd4 Rxd4 28.
Rxd4 cxd4 29. Qf1 Re5 30. Qxa6 Rxa5 0-1

[Event "2nd Cambridge Int Open"]
[Site "Cambridge ENG"]
[Date "2024.02.21"]
[Round "5.21"]
[White "Mihalik, Agoston"]
[Black "Roberson, Peter T"]
[Result "0-1"]
[BlackTitle "IM"]
[WhiteElo "2146"]
[BlackElo "2426"]
[WhiteFideId "719021"]
[BlackFideId "412384"]
[EventDate "2024.02.19"]

1. e4 e6 2. d4 d5 3. Nd2 c5 4. Ngf3 cxd4 5. Nxd4 Ne7 6. exd5 Nxd5 7. N2f3 Be7 8.
c3 O-O 9. Bd3 b6 10. Qe2 Nf6 11. Bf4 Bb7 12. Rd1 Nbd7 13. O-O Nc5 14. Bc2 Qc8
15. Nb5 Be4 16. Bxe4 Ncxe4 17. Rd4 Qb7 18. Rfd1 Bc5 19. Nd6 Nxd6 20. Bxd6 Bxd4
21. Bxf8 Bxf2+ 22. Qxf2 Rxf8 23. c4 h6 24. b3 Qe4 25. Qd4 Qc2 26. Qd2 Qxd2 27.
Rxd2 Rc8 28. Ne5 g5 29. Rd4 Kg7 30. a4 Rc5 31. Nd7 Rc7 32. Ne5 Kf8 33. Rd3 Ke7
34. Rf3 a5 35. h3 Rc5 36. Nd3 Rc6 37. Ne5 Rc5 38. Nd3 Rc7 39. Ne5 h5 40. Kh2 g4
41. Rf4 Rc5 42. Nd3 Rg5 43. h4 Rg7 44. Kg1 Nd7 45. Re4 f5 46. Re3 Nc5 47. Nf4
Kf7 48. g3 Rh7 49. Kg2 Rh8 50. Kh2 Rd8 51. Nxh5 Rd2+ 52. Kg1 Rb2 53. Nf4 Rxb3
54. Rxb3 Nxb3 55. Nd3 Nc5 56. Nb2 e5 57. Kf2 Kg6 58. Kg2 f4 59. Kh2 f3 60. Nd1
Nxa4 61. Ne3 Nb2 62. Nxg4 Nxc4 63. Nf2 a4 64. g4 a3 65. h5+ Kg7 0-1

[Event "2nd Cambridge Int Open"]
[Site "Cambridge ENG"]
[Date "2024.02.21"]
[Round "5.22"]
[White "Payne, Matthew J"]
[Black "Hebden, Mark L"]
[Result "1/2-1/2"]
[BlackTitle "GM"]
[WhiteElo "2089"]
[BlackElo "2416"]
[WhiteFideId "417084"]
[BlackFideId "400084"]
[EventDate "2024.02.19"]

1. e4 e5 2. Nf3 Nc6 3. Bc4 Nf6 4. d4 exd4 5. e5 Ne4 6. Qe2 Nc5 7. O-O Be7 8. Rd1
O-O 9. Nxd4 d5 10. exd6 Bxd6 11. Nxc6 bxc6 12. Be3 Qh4 13. g3 Qf6 14. Qh5 Bf5
15. Bd4 Bg6 16. Qxc5 Bxc5 17. Bxf6 gxf6 18. Bd3 Rab8 19. b3 Rfd8 20. Nd2 Bh5 21.
Rf1 f5 22. Nc4 f4 23. Rfe1 Re8 24. c3 Rbd8 25. Bf5 fxg3 26. hxg3 Bf3 27. Ne5 Bd5
28. Nd7 Be7 29. Rad1 Kg7 30. c4 Be6 31. Bxe6 Bb4 32. Re4 Rxe6 33. Rxe6 fxe6 34.
Rd3 a5 35. Ne5 Rxd3 36. Nxd3 Kf6 37. f3 Bd6 38. Kf2 h5 39. a4 c5 40. f4 e5 41.
fxe5+ Bxe5 42. Kf3 Bd6 43. Nc1 Ke5 44. Ke3 Kf5 45. Kf3 Ke5 1/2-1/2

[Event "2nd Cambridge Int Open"]
[Site "Cambridge ENG"]
[Date "2024.02.21"]
[Round "5.23"]
[White "York-Weaving, Richard"]
[Black "Pert, Nina"]
[Result "1-0"]
[WhiteTitle "FM"]
[BlackTitle "WCM"]
[WhiteElo "2343"]
[BlackElo "2010"]
[WhiteFideId "401161"]
[BlackFideId "456853"]
[EventDate "2024.02.19"]

1. e4 c6 2. d4 d5 3. e5 c5 4. c3 Nc6 5. Be2 Bf5 6. Nf3 e6 7. O-O h6 8. Be3 c4 9.
b3 b5 10. a4 a6 11. b4 Nge7 12. Na3 Na7 13. a5 g5 14. Nc2 Bh7 15. Bd2 Ng6 16. g3
Nc6 17. Ne3 Kd7 18. Ng2 Nce7 19. h4 gxh4 20. Nfxh4 Nxh4 21. Nxh4 Bg7 22. Ng2 Ng6
23. Ne3 Qg8 24. Bg4 Ne7 25. Kg2 Be4+ 26. Bf3 Bg6 27. Rh1 Nf5 28. Rh2 Rh7 29.
Nxf5 Bxf5 30. Bf4 Bf8 31. Qe2 Qg6 32. Rah1 Rc8 33. Qe3 Bc2 34. Bxh6 Qd3 35. Bg5
Rxh2+ 36. Rxh2 Be7 37. Bf4 Rg8 38. Be2 Qf5 39. Rh1 Qg6 40. Bf3 Bf5 41. Rh6 Qg7
42. Qc1 Bd3 43. Qh1 Bg6 44. Kg1 Kc6 45. Qh3 Rd8 46. Qg4 Qg8 47. Rh1 Re8 48. Bh6
Rc8 49. Qf4 Bf5 50. Bh5 Rc7 51. g4 Bd8 52. Rh3 Be4 53. Kh2 Rd7 54. Re3 Qh7 55.
Bg5 Bxg5 56. Qxg5 Kc7 57. Qf6 Kb7 58. Rh3 Qg8 59. Rh4 Qh7 60. Rh3 Kc7 61. g5 Qg8
62. Bg4 Bh7 63. Rh6 Bd3 64. Rh8 Qg6 65. Qxg6 Bxg6 66. Ra8 Kb7 67. Rg8 Re7 68.
Kg3 Bh7 69. Rf8 Bg6 70. Kh4 Rc7 71. Rg8 Rc8 72. Rg7 Rh8+ 73. Kg3 Re8 74. f4 Kc6
75. Bf3 Kd7 76. f5 exf5 77. Bxd5 Re7 78. Rg8 Kc7 79. Ra8 Rd7 80. Bf3 Rd8 81.
Ra7+ Kb8 82. Rxa6 Kc7 83. Ra7+ Kc8 84. Ra8+ Kc7 85. Rxd8 1-0

[Event "2nd Cambridge Int Open"]
[Site "Cambridge ENG"]
[Date "2024.02.21"]
[Round "5.31"]
[White "Redman, David J"]
[Black "Orton, Stephen L A"]
[Result "1-0"]
[WhiteElo "1971"]
[BlackElo "2154"]
[WhiteFideId "421782"]
[BlackFideId "414921"]
[EventDate "2024.02.19"]

1. d4 Nf6 2. c4 g6 3. Nc3 Bg7 4. e4 d6 5. Nf3 O-O 6. Bd3 c5 7. d5 e6 8. O-O exd5
9. cxd5 Na6 10. h3 Rb8 11. Bf4 Nb4 12. Nb5 Ne8 13. Nxa7 Qf6 14. Bc1 Bd7 15. Bb5
Qe7 16. a3 Nxd5 17. Qxd5 Nc7 18. Bg5 Nxd5 19. Bxe7 Nxe7 20. Bxd7 Rfd8 21. Bb5
Ra8 22. e5 Rxa7 23. exd6 Rxd6 24. Rae1 Bf6 25. Re2 Ra5 26. a4 Nf5 27. Nd2 Nd4
28. Re8+ Kg7 29. Nc4 Nxb5 30. axb5 1-0

[Event "2nd Cambridge Int Open"]
[Site "Cambridge ENG"]
[Date "2024.02.21"]
[Round "5.46"]
[White "Keohane, Ben"]
[Black "Spanton, Tim R"]
[Result "1-0"]
[WhiteElo "1926"]
[BlackElo "1766"]
[WhiteFideId "433950"]
[BlackFideId "404802"]
[EventDate "2024.02.19"]

1. e4 e5 2. f4 Bc5 3. Nf3 d5 4. Nxe5 dxe4 5. Qh5 Be6 6. Nxf7 Bf2+ 7. Kxf2 Bxf7
8. Qe5+ Ne7 9. Qxg7 Rg8 10. Qe5 Nc6 11. Qc5 Nd5 12. g3 Nxf4 13. d3 Ne6 14. Qc3
Ncd4 15. dxe4 Qf6+ 16. Kg2 O-O-O 17. Bc4 Nf4+ 18. Bxf4 Qxf4 19. Bxf7 Qxe4+ 20.
Kh3 Qf5+ 21. Kg2 Qxf7 22. Nd2 Qd5+ 23. Nf3 Rgf8 24. Rhf1 Nxf3 25. Rxf3 Qd2+ 26.
Kg1 Rxf3 27. Qxf3 Qxc2 28. Qg4+ Kb8 29. Qg5 Qd3 30. Rf1 b6 31. Qf5 Qd4+ 32. Rf2
Rd7 33. Kg2 Kb7 34. b3 a5 35. Qf3+ Qd5 36. Qxd5+ Rxd5 37. h4 h5 38. Rc2 Rd3 39.
Re2 Kc6 40. Re6+ Kd5 41. Rh6 Ke4 42. Rxh5 Rd2+ 43. Kh3 Rxa2 44. Rb5 Kf3 45. Rf5+
Ke4 46. Kg4 Rb2 47. Rb5 Rd2 48. h5 Rd6 49. Rg5 c5 50. Rg6 Rd4 51. Rxb6 Kd3+ 52.
Kf5 a4 53. bxa4 c4 54. h6 c3 55. h7 Rd8 56. Rc6 c2 57. Kg6 Kd2 58. Kg7 Rd7+ 59.
Kg8 Rd8+ 60. Kg7 Rd7+ 61. Kh6 Rd8 62. g4 c1=Q 63. Rxc1 Kxc1 64. g5 Kd2 65. g6
Kc3 66. g7 Rd6+ 67. Kg5 Rd8 1-0

[Event "2nd Cambridge Int Open"]
[Site "Cambridge ENG"]
[Date "2024.02.21"]
[Round "5.48"]
[White "Pert, Max"]
[Black "Wheatley, Wilfred"]
[Result "1-0"]
[WhiteElo "2082"]
[BlackElo "1864"]
[WhiteFideId "456845"]
[BlackFideId "343414877"]
[EventDate "2024.02.19"]

1. d4 Nf6 2. Nc3 d5 3. Bf4 g6 4. e3 Bg7 5. h3 O-O 6. Nf3 c5 7. Be2 Nc6 8. O-O
cxd4 9. exd4 Bf5 10. Ne5 Rc8 11. Bf3 Nb4 12. a3 Nc6 13. Re1 Re8 14. Rb1 h6 15.
g4 Be6 16. Qd3 g5 17. Bg3 Nh7 18. Rbd1 Nf8 19. Qb5 Qb6 20. Qxb6 axb6 21. Re2
Red8 22. Na4 Nxe5 23. dxe5 b5 24. Nb6 Rc5 25. b4 Rc3 26. Nxd5 Bxd5 27. Rxd5 Rxd5
28. Bxd5 e6 29. Bxb7 Rxa3 30. Bc6 Ng6 31. Bxb5 Bf8 32. Re4 Rc3 33. Bd3 Ne7 34.
b5 Nd5 35. Rc4 Ra3 36. Rc8 Kg7 37. Be4 Nb6 38. Rc6 Na4 39. Ra6 Bc5 40. Kg2 Nb6
41. Rxa3 Bxa3 42. f3 Bb2 43. Bd3 Bc3 44. Kf2 Kf8 45. Ke2 Ke7 46. Be4 Nd7 47. f4
Kd8 48. Bg2 gxf4 49. Bxf4 Bxe5 50. Bxh6 Kc7 51. Be3 f5 52. g5 Bg3 53. Bf2 Bf4
54. h4 Ne5 55. b6+ Kb8 56. Bc5 Nd7 57. g6 Be5 58. g7 Bxg7 59. Bd6+ Kc8 60. b7+
Kd8 61. Bc6 1-0

[Event "2nd Cambridge Int Open"]
[Site "Cambridge ENG"]
[Date "2024.02.21"]
[Round "5.49"]
[White "Sasikumar, Srivathsan"]
[Black "Lazarus, Simon E"]
[Result "0-1"]
[WhiteElo "1719"]
[BlackElo "1845"]
[WhiteFideId "343401279"]
[BlackFideId "343408451"]
[EventDate "2024.02.19"]

1. e4 c5 2. Nf3 Nc6 3. d4 cxd4 4. Nxd4 Nf6 5. Nc3 e5 6. Ndb5 d6 7. Nd5 Nxd5 8.
exd5 Nb8 9. a4 Be7 10. Be2 O-O 11. O-O f5 12. b4 Nd7 13. Bb2 a6 14. Na3 f4 15.
Nc4 Rf6 16. Nd2 Rh6 17. Bg4 Nf6 18. Bxc8 Qxc8 19. Rc1 Nxd5 20. c3 Nf6 21. Qe2
Qe6 22. c4 Rd8 23. Ne4 Qf5 24. Nxf6+ Bxf6 25. Rfd1 e4 26. Bxf6 f3 27. Qe3 Rxf6
28. Rd5 Qe6 29. Rg5 h6 30. Rg3 fxg2 31. Rxg2 d5 32. Rd1 Rg6 33. Rg3 Rxg3+ 34.
hxg3 Qg4 35. Rd4 Qf3 36. Qd2 Re8 37. Rxd5 e3 38. fxe3 Qxg3+ 39. Qg2 Qxe3+ 40.
Qf2 Qc1+ 41. Kg2 Qxc4 42. Rd4 Qc6+ 43. Kh2 Qxa4 44. Qg2 Qb5 45. Re4 Qh5+ 46. Kg1
Qd1+ 47. Kh2 Qd6+ 48. Kg1 Rxe4 49. Qxe4 Qd1+ 50. Kh2 Qd7 51. Qc4+ Qf7 52. Qc8+
Kh7 53. Qc2+ g6 54. Qe4 h5 55. Kg3 Kh6 56. Qe3+ g5 57. Qb6+ Kh7 58. Qc5 Qf4+ 59.
Kg2 Qe4+ 60. Kh2 Kg6 61. Qd6+ Kf5 62. Qd7+ Kf4 63. Qf7+ Ke3 64. Qb3+ Kd4 65.
Qb2+ Kc4 66. Qa2+ Kxb4 67. Qb2+ Ka5 68. Qa3+ Kb6 69. Qd6+ Qc6 70. Qb4+ Ka7 71.
Qd4+ Qb6 72. Qe5 Qf2+ 73. Kh1 Qf1+ 74. Kh2 Qf4+ 0-1

[Event "2nd Cambridge Int Open"]
[Site "Cambridge ENG"]
[Date "2024.02.21"]
[Round "5.50"]
[White "Gardner, Phillip K"]
[Black "Smart, Michael R"]
[Result "1/2-1/2"]
[WhiteElo "1769"]
[BlackElo "1943"]
[WhiteFideId "413690"]
[BlackFideId "411370"]
[EventDate "2024.02.19"]

1. e4 Nf6 2. Nc3 d5 3. e5 Ne4 4. Nce2 d4 5. d3 Nc5 6. Nf3 Nc6 7. Bf4 Bg4 8. Neg1
Ne6 9. Bg3 Qd5 10. h3 Bh5 11. Bh2 O-O-O 12. g4 Bg6 13. Bg2 Qb5 14. b3 f6 15. Ne2
fxe5 16. O-O h5 17. a4 Qb4 18. Nxe5 1/2-1/2

[Event "2nd Cambridge Int Open"]
[Site "Cambridge ENG"]
[Date "2024.02.21"]
[Round "5.51"]
[White "Latypova, Olga L"]
[Black "Baguley, John"]
[Result "1/2-1/2"]
[WhiteElo "1684"]
[BlackElo "1790"]
[WhiteFideId "472476"]
[BlackFideId "436755"]
[EventDate "2024.02.19"]

1. e4 c6 2. d4 d5 3. Nc3 dxe4 4. Nxe4 Nf6 5. Nxf6+ exf6 6. c3 Bd6 7. Bd3 O-O 8.
Qc2 Re8+ 9. Ne2 g6 10. h4 Nd7 11. h5 Nf8 12. hxg6 fxg6 13. Bh6 f5 14. O-O-O Qf6
15. Qd2 Be6 16. Kb1 a5 17. Nc1 b5 18. Bg5 Qf7 19. Rh4 b4 20. c4 Be7 21. Bxe7
Rxe7 22. Re1 Rd7 23. Qe2 Qf6 24. Reh1 Rxd4 25. Rxd4 Qxd4 26. Nb3 Qf6 27. Nc5 Qf7
28. Re1 Re8 29. Qc2 Bc8 30. Qd2 Rxe1+ 31. Qxe1 Ne6 32. Qe5 Nxc5 33. Qxc5 Qd7 34.
Kc2 Qc7 35. Be2 Kf7 36. Bf3 Bd7 37. Kb3 1/2-1/2

[Event "2nd Cambridge Int Open"]
[Site "Cambridge ENG"]
[Date "2024.02.21"]
[Round "5.52"]
[White "Kenning, Paul H"]
[Black "Alderson, John K A"]
[Result "1/2-1/2"]
[WhiteElo "1681"]
[BlackElo "1788"]
[WhiteFideId "441538"]
[BlackFideId "422711"]
[EventDate "2024.02.19"]

1. e4 c6 2. d4 d5 3. exd5 cxd5 4. c4 Nf6 5. Nc3 dxc4 6. Bxc4 e6 7. Nf3 Bb4 8.
O-O O-O 9. Bg5 Bxc3 10. bxc3 Nbd7 11. Qe2 Qa5 12. Rfc1 a6 13. Bd3 h6 14. Bd2 Qc7
15. Ne5 b6 16. Bf4 Re8 17. Bg3 Bb7 18. Nxd7 Qxd7 19. Be5 Qd8 20. f3 1/2-1/2

[Event "2nd Cambridge Int Open"]
[Site "Cambridge ENG"]
[Date "2024.02.21"]
[Round "5.53"]
[White "Lenton, Oliver J"]
[Black "Bay-Petersen, Ole"]
[Result "1-0"]
[WhiteElo "1787"]
[BlackElo "1672"]
[WhiteFideId "490237"]
[BlackFideId "430188"]
[EventDate "2024.02.19"]

1. e4 d5 2. d4 e6 3. Nc3 Bb4 4. a3 Bxc3+ 5. bxc3 c5 6. e5 Qc7 7. Bd2 b6 8. Qg4
f5 9. Qg3 Ba6 10. Bxa6 Nxa6 11. Ne2 Qf7 12. h4 Nh6 13. h5 O-O-O 14. Bg5 Rdg8 15.
Qe3 Ng4 16. Qc1 h6 17. Bd2 Nf6 18. exf6 gxf6 19. Nf4 e5 20. Ng6 Rh7 21. Qb2 Re8
22. O-O-O f4 23. Rhe1 1-0

[Event "2nd Cambridge Int Open"]
[Site "Cambridge ENG"]
[Date "2024.02.21"]
[Round "5.55"]
[White "Chiang, Richard"]
[Black "Bowers, Francis J"]
[Result "0-1"]
[WhiteElo "1609"]
[BlackElo "1732"]
[WhiteFideId "446742"]
[BlackFideId "438383"]
[EventDate "2024.02.19"]

1. c4 e5 2. g3 Nc6 3. Bg2 Nf6 4. Nc3 g6 5. e3 Bg7 6. Nge2 O-O 7. O-O d6 8. d4
exd4 9. exd4 Re8 10. h3 Bf5 11. Be3 Qc8 12. Kh2 h5 13. Qd2 Kh7 14. Rfe1 Nb4 15.
Rf1 Nc2 16. Rac1 Nxe3 17. fxe3 Bh6 18. Nf4 c6 19. Rce1 Ne4 20. Nxe4 Bxe4 21.
Bxe4 Rxe4 22. Nxh5 gxh5 23. Rxf7+ Kg8 24. Rf6 Re6 25. Ref1 Qe8 26. Qc2 Bg7 27.
Rxe6 Qxe6 28. Rf3 Re8 29. Kg2 Bh6 30. d5 Qe4 31. Qxe4 Rxe4 32. dxc6 bxc6 33. Rf6
Bf8 34. c5 dxc5 35. Kf3 Ra4 36. a3 Bg7 37. Rxc6 c4 38. Ke2 Bxb2 39. Kd2 c3+ 40.
Kc2 Ra5 41. g4 hxg4 42. hxg4 Rxa3 43. e4 Ra5 44. Rc7 Re5 45. Kd3 a5 46. Ra7 Rc5
47. Kc2 Kf8 48. Ra6 Ke7 49. Rg6 a4 50. g5 a3 51. Rg7+ Kf8 52. Ra7 Rxg5 0-1

[Event "2nd Cambridge Int Open"]
[Site "Cambridge ENG"]
[Date "2024.02.22"]
[Round "6.1"]
[White "Sonis, Francesco"]
[Black "Haubro, Martin"]
[Result "1/2-1/2"]
[WhiteTitle "GM"]
[BlackTitle "IM"]
[WhiteElo "2570"]
[BlackElo "2421"]
[WhiteFideId "895733"]
[BlackFideId "1414291"]
[EventDate "2024.02.19"]

1. Nf3 d5 2. e3 Nf6 3. c4 e6 4. b3 Nbd7 5. Bb2 c6 6. d4 Bd6 7. Bd3 b6 8. O-O Bb7
9. Nbd2 Qc7 10. Rc1 O-O 11. a3 a5 12. Qc2 Rac8 13. Rfe1 Rfd8 14. Qb1 Qb8 15. h3
h6 16. Qa1 c5 17. cxd5 Nxd5 18. Bb5 Bf8 19. e4 N5f6 20. dxc5 Nxc5 21. Bxf6 gxf6
22. Qxf6 Bg7 23. Qh4 Nd3 24. Rxc8 Qxc8 25. Re3 Nb2 26. Be2 Rd7 27. e5 Qc1+ 28.
Kh2 Rxd2 29. Nxd2 Qxd2 30. Rg3 Kh7 31. Qg4 Qg5 32. Qxg5 hxg5 33. Rxg5 Bd5 34. b4
Nc4 35. Bd3+ Kh8 36. Bxc4 Bxc4 37. bxa5 bxa5 38. Rxg7 Kxg7 39. f4 Kf8 40. g4 Ke7
41. h4 f6 42. exf6+ Kxf6 43. Kg3 Be2 44. h5 a4 45. h6 Bd3 46. Kf3 Bc2 47. Ke3
Kf7 48. Kd4 Bd1 49. f5 1/2-1/2

[Event "2nd Cambridge Int Open"]
[Site "Cambridge ENG"]
[Date "2024.02.22"]
[Round "6.2"]
[White "Tiviakov, Sergei"]
[Black "Dierssen Garcia-Barredo, Guiller"]
[Result "1-0"]
[WhiteTitle "GM"]
[WhiteElo "2534"]
[BlackElo "1937"]
[WhiteFideId "1008013"]
[BlackFideId "22298274"]
[EventDate "2024.02.19"]

1. e4 c5 2. Nf3 g6 3. c3 Bg7 4. d4 cxd4 5. cxd4 d5 6. e5 Bg4 7. Bb5+ Nd7 8. Nbd2
Bxf3 9. Qxf3 a6 10. Bd3 e6 11. Qe2 Ne7 12. Nf3 Nc6 13. O-O Qb6 14. Be3 O-O 15.
h4 f6 16. exf6 Nxf6 17. Rad1 Rae8 18. Ne5 Qc7 19. f4 Nh5 20. Rf3 Ne7 21. Rc1 Qd8
22. g4 Nf6 23. Rh3 Ne4 24. Qg2 Bxe5 25. fxe5 Rf7 26. Bxe4 dxe4 27. Qxe4 Qd5 28.
Qxd5 Nxd5 29. Bh6 Rc7 30. Rf1 Rf7 31. Rxf7 Kxf7 32. Rf3+ Kg8 33. Kf2 Rc8 34. Kg3
Re8 35. Kh3 Rc8 36. h5 gxh5 37. gxh5 Re8 38. Rg3+ Kh8 39. Bg7+ Kg8 40. Bf6+ Kf8
41. Rg7 Rc8 42. Rxh7 Rc7 43. Rxc7 Nxc7 44. Kg4 Kg8 45. Kg5 Kh7 46. Bd8 Nd5 47.
h6 b6 48. a3 b5 49. Ba5 Ne7 50. Kf6 Nc6 51. Bb6 1-0

[Event "2nd Cambridge Int Open"]
[Site "Cambridge ENG"]
[Date "2024.02.22"]
[Round "6.3"]
[White "Fernandez, Daniel Howard"]
[Black "Wachinger, Nikolas"]
[Result "1-0"]
[WhiteTitle "GM"]
[BlackTitle "IM"]
[WhiteElo "2526"]
[BlackElo "2432"]
[WhiteFideId "5801605"]
[BlackFideId "12962791"]
[EventDate "2024.02.19"]

1. b3 d5 2. Bb2 c5 3. Nf3 Nf6 4. g3 g6 5. c4 d4 6. b4 Nc6 7. b5 Na5 8. d3 Bh6 9.
Bg2 O-O 10. Nbd2 a6 11. bxa6 Rxa6 12. O-O Qd6 13. Nb3 Nc6 14. Bc1 Bxc1 15. Qxc1
Kg7 16. a4 e5 17. a5 Bf5 18. Nfd2 Re8 19. Re1 h5 20. h4 e4 21. dxe4 Nxe4 22.
Nxe4 Bxe4 23. Qf4 Qxf4 24. gxf4 Bxg2 25. Kxg2 Rea8 26. Nxc5 Rxa5 27. Rxa5 Nxa5
28. Ra1 Rc8 29. Rxa5 b6 30. Ne6+ fxe6 31. Ra4 Kf6 32. Rb4 Kf5 33. Kf3 Rc6 34.
e4+ dxe3 35. fxe3 Rc8 36. e4+ Kf6 37. Ke3 Rc6 38. Kd4 Rd6+ 39. Kc3 Rc6 40. Rb5
Kf7 41. e5 g5 42. fxg5 Kg6 43. Rb1 Kf5 44. Kd4 Rc7 45. Rf1+ Kg4 46. g6 Kxh4 47.
Rg1 Rd7+ 48. Ke3 Rg7 49. Kf3 Rg8 50. g7 Kh3 51. Rh1# 1-0

[Event "2nd Cambridge Int Open"]
[Site "Cambridge ENG"]
[Date "2024.02.22"]
[Round "6.4"]
[White "Willow, Jonah B"]
[Black "Pereslavtsev, Alexandr"]
[Result "1-0"]
[WhiteTitle "IM"]
[WhiteElo "2445"]
[BlackElo "1696"]
[WhiteFideId "438804"]
[BlackFideId "343401449"]
[EventDate "2024.02.19"]

1. e4 c5 2. Nf3 a6 3. c4 d6 4. d4 Bg4 5. d5 g6 6. Qb3 Qc7 7. Nfd2 Bg7 8. Nc3 Bc8
9. Be2 e6 10. O-O Ne7 11. a4 Nd7 12. f4 exd5 13. cxd5 f5 14. Nc4 fxe4 15. Nxe4
Nf5 16. Bg4 Bf8 17. Re1 Kd8 18. Bxf5 gxf5 19. Qc3 Rg8 20. Ng5 Nb8 21. Qf6+ Be7
22. Nf7+ Ke8 23. Nfxd6+ Kd8 24. Nf7+ Ke8 25. d6 Rg6 26. Rxe7+ 1-0

[Event "2nd Cambridge Int Open"]
[Site "Cambridge ENG"]
[Date "2024.02.22"]
[Round "6.5"]
[White "Pert, Richard G"]
[Black "Adams, Michael"]
[Result "0-1"]
[WhiteTitle "IM"]
[BlackTitle "GM"]
[WhiteElo "2413"]
[BlackElo "2673"]
[WhiteFideId "404748"]
[BlackFideId "400041"]
[EventDate "2024.02.19"]

1. d4 Nf6 2. Nf3 d5 3. Bf4 c5 4. e3 Nc6 5. Nbd2 cxd4 6. exd4 a6 7. Bd3 Nb4 8.
Ne5 Nxd3+ 9. cxd3 g6 10. O-O Bg7 11. h3 O-O 12. Re1 Nh5 13. Bh2 Bh6 14. Nb3 Ng7
15. Nc5 Nf5 16. Nf3 b6 17. Na4 Bd7 18. Nc3 e6 19. Qb3 b5 20. a4 Qb6 21. axb5
axb5 22. Qb4 Rfc8 23. Be5 Bf8 24. Qb3 b4 25. Na4 Bxa4 26. Rxa4 Rxa4 27. Qxa4 Bg7
28. Qd7 Rd8 29. Bc7 Rxd7 30. Bxb6 Rb7 31. Bc5 Bf8 32. Ra1 Kg7 33. Ra8 Be7 34.
Re8 b3 35. g4 Bxc5 36. dxc5 Ne7 37. Nd4 e5 38. c6 Ra7 39. Nxb3 Nxc6 40. Rc8 Nb4
41. d4 e4 42. Nc5 Ra1+ 43. Kg2 Nd3 44. g5 Nf4+ 45. Kh2 Rf1 46. Kg3 Ne2+ 47. Kg2
Rg1+ 48. Kh2 Rxg5 49. h4 Rg4 50. Rd8 Nf4 51. b4 Rg2+ 52. Kh1 Rxf2 53. b5 Rb2 54.
Rb8 e3 0-1

[Event "2nd Cambridge Int Open"]
[Site "Cambridge ENG"]
[Date "2024.02.22"]
[Round "6.6"]
[White "Vardanyan, Aras"]
[Black "Gasanov, Eldar"]
[Result "1/2-1/2"]
[WhiteTitle "FM"]
[BlackTitle "GM"]
[WhiteElo "2299"]
[BlackElo "2494"]
[WhiteFideId "12808792"]
[BlackFideId "14104466"]
[EventDate "2024.02.19"]

1. c4 e6 2. g3 d5 3. Bg2 Nf6 4. Nf3 d4 5. O-O c5 6. e3 Nc6 7. exd4 cxd4 8. Re1
Bd6 9. d3 h6 10. Na3 O-O 11. Nc2 a5 12. a3 e5 13. Rb1 a4 14. Nb4 Re8 15. c5 Bc7
16. Nd2 Bd7 17. Ne4 Nxb4 18. axb4 Bc6 19. Ra1 Nxe4 20. Bxe4 Bxe4 21. dxe4 Qd7
22. Qd3 b6 23. Bd2 bxc5 24. bxc5 Reb8 25. b4 axb3 26. Rxa8 Rxa8 27. Qxb3 Qa4 28.
Qb7 Ra7 29. Qc8+ Kh7 30. Qf5+ Kg8 31. Qc8+ Kh7 32. Qf5+ 1/2-1/2

[Event "2nd Cambridge Int Open"]
[Site "Cambridge ENG"]
[Date "2024.02.22"]
[Round "6.7"]
[White "Royal, Shreyas"]
[Black "Pozzari, Simone"]
[Result "1-0"]
[WhiteTitle "IM"]
[WhiteElo "2483"]
[BlackElo "2290"]
[WhiteFideId "448869"]
[BlackFideId "2831282"]
[EventDate "2024.02.19"]

1. d4 d5 2. c4 e6 3. Nf3 Nf6 4. g3 dxc4 5. Bg2 c5 6. O-O Nc6 7. dxc5 Qxd1 8.
Rxd1 Bxc5 9. Nbd2 c3 10. bxc3 O-O 11. Nb3 Be7 12. Nfd4 Bd7 13. Nb5 Rfd8 14. Be3
Ne5 15. a4 a6 16. Bxb7 axb5 17. Bxa8 Rxa8 18. Bd4 Bd6 19. axb5 Rb8 20. Ba7 Rxb5
21. Rxd6 Rxb3 22. Bd4 Rb5 23. Ra8+ Be8 24. f4 Ned7 25. Rxd7 Nxd7 26. Rxe8+ Nf8
27. Rc8 1-0